LEADER 01462nam a2200349 i 4500 001 000000149691 003 CaOOAMICUS 005 20200217115849.0 008 060412s2005 it u000 u ita u 013 $a127019 020 $a88-8054-791-7 040 $aSeMil$bita 100 1 $aGhetti, Andrea.$0(OLS)http://semarc/name/8157 245 10$aAl ritmo dei passi /$cAndrea Ghetti ; in collaborazione con Ente e Fondazione mons. A. Ghetti-Baden. 260 $aRoma :$bFiordaliso,$c2005. 300 $a210 p. ;$c19 cm. 490 0 $aTracce. Spiritualità 500 $aDono del Card. Dionigi Tettamanzi. 650 4$aScoutismo - Meditazioni.$0(OLS)http://semarc/subject/21290 650 4$aScoutismo - Fede - Educazione.$0(OLS)http://semarc/subject/20889 650 4$aEducazione - Studi.$0(OLS)http://semarc/subject/1420 650 4$aScoutismo.$0(OLS)http://semarc/subject/1605 710 0 $aEnte e Fondazione mons. Andrea Ghetti-Baden.$0(OLS)http://semarc/name/59104 830 0$aTracce. Spiritualità.$0(OLS)http://semarc/title/20713 850 $aSeMil 852 $aSeMil$W1$xVenegono$y1$m3E II 51$j101892$B101892$CSeMilBibl$Z2$F110759 $81 941 1 $a5 961 $aOmaggio: Tettamanzi Card. Dionigi 996 $6020$a88-8054-791-7$9(OLS)http://semarc/number/138877 996 $6245$aAl ritmo dei passi$9(OLS)http://semarc/title/218818 996 $6260$aRoma :$bFiordaliso$9(OLS)http://semarc/publisher/34198 LEADER 03528nab a2200481 i 4500 001 000000290625 003 CaOOAMICUS 005 20170301000000.0 008 170301n xx uu u0 0und r 013 $a45667 040 $aSeMil$bita 245 10$a[GENNAIO 1998]. - 32 p. 500 $aGENNAIO 1998. 773 0 $t[1997-1998].$dMilano : ITL, 1997-1998.$w()253177 774 0 $tSommario n. 1 - gennaio 1998.$w()327800 774 0 $tFamiglia e vocazioni. - In [rubrica].$w()327801 774 0 $aPoma, Gianfranco$tDio, Padre Baj! La mattina di venerdì 14 novembre la notizia della morte di Padre Baj... - In [rubrica].$w()327802 774 0 $tParole testamentarie del sac. Ferdinando Baj, (Le sole da pronunciare durante il funerale). - In [rubrica].$w()327803 774 0 $tRiflessione del Cardinale. Venegono Inferiore, 17 novembre 1997. - In [rubrica].$w()327804 774 0 $tDomani da domandare. - In [rubrica].$w()327806 774 0 $tTestimonianza di alcune famiglie. - In [rubrica].$w()327807 774 0 $tUso del denaro. - In [rubrica].$w()327808 774 0 $tMedie-Ginasio. Avvento: ascoltare, vigiliare, invocare. - In [rubrica].$w()327809 774 0 $tMedie-Ginnasio. Brevi di cronaca. - In [rubrica].$w()327810 774 0 $tPropedeutico-Liceo. Il Gruppo di Animazione. - In [rubrica].$w()327811 774 0 $tPropedeutica-Liceo. Brevi di cronaca. - In [rubrica].$w()327812 774 0 $tBiennio Teologico. Vigilare nell'attesa del Signore. - In [rubrica].$w()327813 774 0 $tBiennio Teologico. Brevi di cronaca. - In [rubrica].$w()327814 774 0 $tQuadriennio Teologico. Gli Esercizi spirituali: incontrare Gesù. - In [rubrica].$w()327815 774 0 $tQuadriennio Teologico. Le Religiose ai Diaconi '97. - In [rubrica].$w()327816 774 0 $tQuadriennio Teologico. Brevi di cronaca.$w()327817 774 0 $tNuovo direttore per la "Fiaccola". - In [rubrica].$w()327818 774 0 $tSabati di Quaresima per il discernimento vocazionale. Programma per i giovani presso il Seminario di Venegono Inferiore. - In [rubrica].$w()327819 774 0 $tNote di partecipazione. Gli incontri dei sabati di Quaresima presso il Seminario di Venegono Inferiore. - In [rubrica].$w()327820 774 0 $tManda, Signore, uomini di pace!. - In [rubrica].$w()327821 774 0 $tPer un'amica quasi cinquantenne. Le lettere di Marcellina. - In [rubrica].$w()327822 774 0 $tAmicizia che sostiene la preghiera. "Amici" per incontrarsi: i programmi dell'Associazione per il 1998. - In [rubrica].$w()327823 774 0 $t"Amici" per pregare insieme: intenzioni di preghiera per gennaio. Calendario associativo.$w()327824 774 0 $tGiovani amici del Seminario. A partire da questo numero "La Fiaccola intende ospitare con regolarità una rubrica intitolata "Giovani Amici"... Appuntamenti per i Giovani Amici... Per tenere viva l'amicizia. - In [Rubrica].$w()327825 774 0 $tCuore, la sostanza, il frutto delle vocazioni. Omelia del Cardinale per la Veglia di preghiera diocesana per le vocazioni... - In [rubrica].$w()327826 774 0 $tMons. Giuseppe Vegezzi (19--?-199-?) ; Don Felice Ciceri (1929-1997) ; LIna Cassinari (19--?-1997) ; Mons. Pietro Lucini (1916-1997) ; Don Enrico Vago (1933-1997) ; Sandra Toia (1923-1997). - In [rubrica].$w()327827 774 0 $tAvete fatto a me... Borse di studio. Pastorale vocazionale. Convegno Operatori di Pastorale familiare. - In [rubrica].$w()327828 996 $6245$a[GENNAIO 1998]. - 32 p.$9(OLS)http://semarc/title/414636